Voices of Rome : (Record no. 3540)

MARC details
000 -LEADER
fixed length control field 02147cam a2200301 i 4500
008 - FIXED-LENGTH DATA ELEMENTS--GENERAL INFORMATION
fixed length control field 250125s2023 enk e 000 1 eng d
020 ## - INTERNATIONAL STANDARD BOOK NUMBER
ISBN 9781399721332
020 ## - INTERNATIONAL STANDARD BOOK NUMBER
ISBN 9781399721349
020 ## - INTERNATIONAL STANDARD BOOK NUMBER
ISBN 1399721348
020 ## - INTERNATIONAL STANDARD BOOK NUMBER
ISBN 139972133X
100 1# - MAIN ENTRY--AUTHOR
Author Davis, Lindsey,
245 10 - TITLE STATEMENT
Title Voices of Rome :
Remainder of title four stories of Ancient Rome /
Statement of responsibility, etc Lindsey Davis.
300 ## - COLLATION
Pagination 374 pages ;
520 ## - SUMMARY, ETC.
Summary, etc The spook who spoke again: Marcus Didius Alexander Postumus is an odd boy who has known two families. That of Marcus Didius himself and his actual birth mother, Thalia the Snake Dancer. Things begin to unravel quickly when he decides to emulate his adopted father and investigate a death in Thalia's troupe of exotic performers.
520 ## - SUMMARY, ETC.
Summary, etc Vesuvius by night: Two men share a room but seldom meet. Nonius is a pimp and part time thief who operates at night, Larius is a fresco painter who dreams of artistic greatness by day. When the volcano erupts, one will begin looting hastily abandoned villas, the other will do anything he can to save himself and his family.
520 ## - SUMMARY, ETC.
Summary, etc Invitation to die: When the Emperor Domitian invites the entire senatorial class to a banquet to honour the recent war dead, many think he intends to take revenge on his enemies. When the Camillus brothers enter the black-painted hall where the feast is being held and see their names engraved on monumental stones, they fear they will not survive the night.
520 ## - SUMMARY, ETC.
Summary, etc The bride from Bithynia: Tells the story of Aelia Camilla who travels 1000 miles to Britain to marry Gaius Flavius, a Roman officer. But their relationship struggles, then the province explodes in the Boudican Revolt. Now, it will be up to Aelia to save herself from the conflagration.
650 #0 - TRACINGS
Main Subject Investigations
Subdivision (1st) Fiction.
650 #0 - TRACINGS
Main Subject Interpersonal relations
Subdivision (1st) Fiction.
650 #0 - TRACINGS
Main Subject Revenge
Subdivision (1st) Fiction.
650 #6 - TRACINGS
Main Subject EnquĂȘtes
Subdivision (1st) Romans, nouvelles, etc.
650 #6 - TRACINGS
Main Subject Vengeance
Subdivision (1st) Romans, nouvelles, etc.
650 #7 - TRACINGS
Main Subject Historical fiction, English
650 #7 - TRACINGS
Main Subject Historical fiction.
Subdivision (1st) interpersonal relations - fiction
942 ## - ADDED ENTRY ELEMENTS (KOHA)
Item type Books
050 00 - LIBRARY OF CONGRESS CALL NUMBER
Classification number PR6054.A8925
Item number V65 2023
082 04 - DEWEY DECIMAL CLASSIFICATION NUMBER
Classification number 823.92
Holdings
Source of classification or shelving scheme Not for loan Permanent location Current location Date acquired Accession No. Full call number Barcode. Koha item type
Dewey Decimal Classification   Samuel Ogbemudia Main Library, University of Abuja Samuel Ogbemudia Main Library, University of Abuja 05/19/2025 2024/63890 DG77.D382023 2025-2014 Books